| 000 | 01206nam a22002297a 4500 | ||
|---|---|---|---|
| 003 | NALT | ||
| 005 | 20250912092430.0 | ||
| 008 | s2548 th ||||| |||| 00| 0 tha d | ||
| 020 | _a9749314433 | ||
| 040 | _aNALT | ||
| 050 |
_aDS 740.5.J3 _bช912จ 2548 |
||
| 100 | 0 |
_aไชยวัฒน์ ค้ำชู. _936921 |
|
| 245 | 1 | 0 |
_aจีน-ญี่ปุ่น : _bประวัติศาสตร์เบื้องหลังความขัดแย้งของสองอำนาจและนัยต่อภูมิภาคเอเชีย / _cไชยวัฒน์ ค้ำชู. |
| 260 |
_aกรุงเทพฯ : _bOpenbooks, _c2548 |
||
| 300 |
_a119 หน้า ; _c19 ซม. |
||
| 650 | 4 |
_aความมั่นคงระหว่างประเทศ _942829 |
|
| 651 | 4 |
_959716 _aจีน _xความสัมพันธ์กับต่างประเทศ _zญี่ปุ่น |
|
| 651 | 4 |
_959717 _aญี่ปุ่น _xความสัมพันธ์กับต่างประเทศ _zจีน |
|
| 850 | _aNALT | ||
| 942 |
_cGB _2lcc |
||
| 999 |
_c48735 _d48735 |
||
| 998 |
_j1020 _k นางจำเรียง ระวังสำโรง |
||